| 000 | 00777nam a2200253 a 4500 | ||
|---|---|---|---|
| 001 | 65677 | ||
| 003 | BD-RjUL | ||
| 005 | 20211209081442.0 | ||
| 008 | 170309s1988 ii ||||| |||| 001 0 eng d | ||
| 035 | _a(BD-RjUL)65807 | ||
| 040 |
_aBD-RjUL _beng _cBD-RjUL |
||
| 041 | _aeng | ||
| 082 |
_223 _a297.4 _bPAE 1988 |
||
| 100 | 1 |
_aPaul, Harendrachandra _9194265 |
|
| 245 | 1 | 0 |
_aThe epilogue / _cHarendrachandra Paul |
| 260 |
_aCalcutta : _bM.I.G. Housing estate, _c1988. |
||
| 300 |
_axx, 739 p. ; _c21 cm. |
||
| 500 | _aIncludes index | ||
| 600 |
_aRūmī,Jalāl al-Dīn. _d1207-1273 -- _xReligion and ethics _9236573 |
||
| 650 |
_aSufism _9170473 |
||
| 650 |
_aSelf-acceptance _v Religious aspects _xSufism. _9236574 |
||
| 650 |
_aSelf (Philosophy) _9194266 |
||
| 942 |
_2ddc _cBK |
||
| 999 |
_c65677 _d65677 |
||